| 000 | 00724nam a22002297a 4500 | ||
|---|---|---|---|
| 003 | OSt | ||
| 005 | 20140310182336.0 | ||
| 008 | 130925t xxu||||| |||| 00| 0 eng d | ||
| 020 | _a9781405844147 | ||
| 050 |
_aQA 11.135 _b.St896c 2008 |
||
| 100 |
_aStraker, Anita. _921533 |
||
| 245 |
_aExploring maths 4 : _bclass book / _cAnita Straker. |
||
| 260 |
_aGreat Britain, Scotprint : _bPearson Longman, _cc2008. |
||
| 300 |
_aiv. 346 p. : _bill. col. ; _c28 cm. |
||
| 500 | _aIncludes Index | ||
| 651 |
_aMeasurements _xMathematics _921570 |
||
| 651 |
_aMathematical shapes _xmathematics _921571 |
||
| 651 |
_aFormulae _xMathematics _xFormulas _921572 |
||
| 942 |
_2lcc _cBK-TR |
||
| 999 |
_c12057 _d12057 |
||